Boletín científico (Registro nro. 19341)

Detalles MARC
000 -CABECERA
Campo de control 01106cas a2200325 a 4500
005 - FECHA Y HORA DE LA ULTIMA TRANSACCION
Campo de control 20200104041753.0
008 - ELEMENTOS DE LONGITUD FIJA—INFORMACION GENERAL
Campo de control 110331c19959999spaar1p rnn 0 a0mul d
022 ## - ISSN
ISSN 0123-3068
040 ## - FUENTE DE CATALOGACIÓN
Agencia catalogadora original CO-BoPUJ
Agencia transcriptora CO-BoIAVH
Agencia Modificadora CO-BoIAVH
041 0# - IDIOMA
Código de idioma para texto/pista de sonido o título separado Español
-- Inglés
044 ## - PAÍS DE PUBLICACIÓN
País de publicación Colombia
090 ## - CLASIFICACIÓN LOCAL
Colección SE
245 00 - MENCION DE TITULO
Título Boletín científico
Mención de responsabilidad Universidad de Caldas. Museo de Historia Natural
246 11 - FORMA VARIANTE DEL TITULO
Título propiamente dicho/forma breve del título Scientific Bulletin Museum Center Natural History Museum
246 41 - FORMA VARIANTE DEL TITULO
Título propiamente dicho/forma breve del título Boletín científico. Centro de Museos. Museo de Historia Natural
260 ## - PUBLICACION, DISTRIBUCION, ETC. (PIE DE IMPRENTA)
Lugar de publicación, distribución, etc. Manizales (Colombia) :
Nombre del editor, distribuidor, etc. Universidad de Caldas,
Fecha de publicación, distribución, etc. 1995-.
300 ## - DESCRIPCION FISICA
Otros detalles físicos ilustraciones :
Dimensiones 24 x 17 cm.
310 ## - FRECUENCIA ACTUAL DE LA PUBLICACIÓN
Frecuencia actual de la publicación Anual
504 ## - NOTA DE BIBLIOGRAFIA, ETC.
Nota de bibliografía Incluye referencias bibliográficas.
546 ## - NOTA DE IDIOMA
Nota de idioma Resumen en Español e Inglés.
650 26 - ASIENTO SECUNDARIO DE MATERIA - TERMINO TEMATICO
Término temático o nombre geográfico como elemento de entrada Historia natural
Subdivisión de forma Publicaciones periódicas
9 (RLIN) 79833
650 26 - ASIENTO SECUNDARIO DE MATERIA - TERMINO TEMATICO
Término temático o nombre geográfico como elemento de entrada Biodiversidad
Subdivisión de forma Publicaciones periódicas
9 (RLIN) 79834
650 26 - ASIENTO SECUNDARIO DE MATERIA - TERMINO TEMATICO
Término temático o nombre geográfico como elemento de entrada Ciencia
9 (RLIN) 41
650 26 - ASIENTO SECUNDARIO DE MATERIA - TERMINO TEMATICO
Término temático o nombre geográfico como elemento de entrada Flora
9 (RLIN) 92293
650 26 - ASIENTO SECUNDARIO DE MATERIA - TERMINO TEMATICO
Término temático o nombre geográfico como elemento de entrada Fauna
9 (RLIN) 92594
650 24 - ASIENTO SECUNDARIO DE MATERIA - TERMINO TEMATICO
Término temático o nombre geográfico como elemento de entrada Taxonomía vegetal
9 (RLIN) 92262
650 26 - ASIENTO SECUNDARIO DE MATERIA - TERMINO TEMATICO
Término temático o nombre geográfico como elemento de entrada Ecología
9 (RLIN) 92250
650 26 - ASIENTO SECUNDARIO DE MATERIA - TERMINO TEMATICO
Término temático o nombre geográfico como elemento de entrada Zoología
9 (RLIN) 93081
942 ## - ELEMENTOS ADICIONALES (KOHA)
Sistema de clasificación Local
Tipo de ítem Periodica o revista
Serial record 1
Existencias
Withdrawn status Lost status Damaged status No para préstamo Colección Fecha publicación (Año) Volumen revista Inventariado Ubicación Permanente Ubicación actual Fecha de adquisición Fuente de adquisición Total Checkouts Número topográfico Inventario / Código de Barras Date last seen Ejemplar Price effective from Forma de adquisición Tipo de material Sistema de Clasificación Número revista Datos de publicación Seriada
        Hemeroteca 2011 15 Inventariado 2017 Bogotá Bogotá 20/02/2017 20000   SE 059106 20/02/2017 Ej. 1 20/02/2017 Donación Periodica o revista Local 2 Vol 15, No 2
        Hemeroteca 2010 14 Inventariado 2017 Bogotá Bogotá 20/02/2017 20000   SE 029724 20/02/2017 Ej. 1 20/02/2017 Donación Periodica o revista Local 2 Vol 14, No 2
        Hemeroteca 2004 8   Bogotá Bogotá 20/02/2017 20000   SE 041028 20/02/2017 Ej. 1 20/02/2017 Donación Periodica o revista Local   Volumen 8
        Hemeroteca 2000 4 Inventariado 2017 Bogotá Bogotá 06/03/2017 20000   SE 024662 06/03/2017 Ej. 1 06/03/2017 Donación Periodica o revista Local   Volumen 4
        Hemeroteca 2007 11 Inventariado 2017 Bogotá Bogotá 11/05/2017 20000   SE 027878 11/05/2017 Ej. 1 11/05/2017 Donación Periodica o revista Local   Volumen 11
        Hemeroteca 1996 1 Inventariado 2017 Bogotá Bogotá 11/05/2017 20000   SE 006097 11/05/2017 Ej. 1 11/05/2017 Donación Periodica o revista Local   Volumen 1
        Hemeroteca 2001 5 Inventariado 2017 Bogotá Bogotá 11/05/2017 20000   SE 006104 11/05/2017 Ej. 1 11/05/2017 Donación Periodica o revista Local   Volumen 5
        Hemeroteca 1999 3 Inventariado 2017 Bogotá Bogotá 11/05/2017 20000   SE 006101 11/05/2017 Ej. 1 11/05/2017 Donación Periodica o revista Local   Volumen 3
        Hemeroteca 2008 12 Inventariado 2017 Bogotá Bogotá 11/05/2017 20000   SE 026778 11/05/2017 Ej. 1 11/05/2017 Donación Periodica o revista Local   Volumen 12
        Hemeroteca 2003 7 Inventariado 2017 Bogotá Bogotá 11/05/2017 20000   SE 016207 11/05/2017 Ej. 1 11/05/2017 Donación Periodica o revista Local   Volumen 7
        Hemeroteca 2005 9 Inventariado 2017 Bogotá Bogotá 11/05/2017 20000   SE 023188 11/05/2017 Ej. 1 11/05/2017 Donación Periodica o revista Local   Volumen 9
        Hemeroteca 1998 2 Inventariado 2017 Bogotá Bogotá 11/05/2017 20000   SE 006098 11/05/2017 Ej. 1 11/05/2017 Donación Periodica o revista Local   Volumen 2
        Hemeroteca 2002 6 Inventariado 2017 Bogotá Bogotá 11/05/2017 20000   SE 041230 11/05/2017 Ej. 1 11/05/2017 Donación Periodica o revista Local   Volumen 6
        Hemeroteca 2012 16 Inventariado 2017 Bogotá Bogotá 11/05/2017 20000   SE 041231 11/05/2017 Ej. 1 11/05/2017 Donación Periodica o revista Local 1 Vol 16. No 1
        Hemeroteca 2004 8 Inventariado 2017 Villa de Leyva Villa de Leyva 06/05/2005 20000   SERIADAS 00742 017980 25/03/2015 1 25/03/2015   Periodica o revista